LEADER 00819nam a2200205 4500 001 000000361573 003 CaOOAMICUS 005 20250206105847.0 008 250206s202u it 000 u ita r 040 $aSeMil$bita 245 00$aLibri antichi e rari :$bdal 16. al 19. secolo : Lista O. 264 1$aMilano :$bLibreria Antiquaria Mediolanum,$c[202-]?. 300 $a199 p. ;$c21 cm 650 4$aLibro antico - Cataloghi.$0(OLS)http://semarc/subject/57093 850 $aSeMil 852 $aSeMil$W1$xVenegono$y1$m3Y I 57$j258998$B252533$CSeMilBibl$Z2$F252533 $81 961 $aOmaggio editore 996 $6245$aLibri antichi e rari :$bdal 16. al 19. secolo : Lista O$9(OLS)http://semarc/title/452332 996 $6264$aMilano :$bLibreria Antiquaria Mediolanum$9(OLS)http://semarc/publisher/47451 LEADER 00827nam a2200241 i 4500 001 000000167732 003 CaOOAMICUS 005 20071207000000.0 008 071207s1971 it u000 u ita u 013 $a145131 040 $aSeMil$bita 100 1 $aBevilacqua, Alberto,$d<1934-2013>.$0(OLS)http://semarc/name/14094 245 14$aUna cittą in amore /$cAlberto Bevilacqua. 250 $a7. Ed. 260 $aMilano :$bRizzoli,$c1971. 300 $a226 p. ;$c23 cm. 490 0 $aLa scala 830 3$aLa scala.$0(OLS)http://semarc/title/7359 850 $aSeMil 852 $aSeMil$W1$xVenegono$y1$m1B V 238$j248763$B118879$CSeMilBibl$Z2$F129692 $81 961 $aRecupero: Altro 996 $6245$aUna cittą in amore$9(OLS)http://semarc/title/240005 996 $6260$aMilano :$bRizzoli$9(OLS)http://semarc/publisher/29824